[Event "MSU Cup"]
[Site "Moscow"]
[Date "2024.04.24"]
[Round "7.3"]
[White "Mukhamedov, Khadiyatullo"]
[Black "Isaev, Jamshed"]
[Result "1/2-1/2"]
[WhiteElo "1870"]
[BlackElo "2249"]
[PlyCount "145"]
[EventDate "2024.04.22"]
[EventType "team-tourn"]
[EventRounds "9"]
[EventCountry "RUS"]
[SourceTitle "CB18_2024"]
[SourceDate "2024.05.01"]
[SourceVersion "1"]
[SourceVersionDate "2024.05.01"]
[SourceQuality "2"]
[WhiteTeam "Uzbekistan"]
[BlackTeam "Tadzhikistan"]
[WhiteTeamCountry "UZB"]
[BlackTeamCountry "TJK"]

1. d4 d5 2. c4 e6 3. Nf3 c5 4. g3 Nc6 5. Bg2 Nf6 6. cxd5 exd5 7. 0-0 Be7 8. dxc5 Bxc5 9. Bg5 0-0 10. Nc3 d4 11. Ne4 Be7 12. Nxf6+ Bxf6 13. Bxf6 Qxf6 14. Qb3 Re8 15. Rfe1 Re7 16. a3 Be6 17. Qb5 Rd8 18. Qg5 Qxg5 19. Nxg5 Bc4 20. Ne4 Na5 21. Bf3 Nb3 22. Rad1 Ba6 23. Nd2 Nc5 24. b4 Na4 25. Nb3 Red7 26. Rd2 g6 27. Rc1 Bb5 28. Kg2 b6 29. Bc6 Bxc6+ 30. Rxc6 b5 31. Nc5 Nxc5 32. Rxc5 a6 33. Rc6 Rd6 34. Rxd6 Rxd6 35. e3 Rc6 36. exd4 Rc3 37. d5 Kf8 38. d6 Ke8 39. Re2+ Kd7 40. Re7+ Kxd6 41. Rxf7 Rxa3 42. Rxh7 Ke5 43. Rf7 Ra4 44. Rf4 a5 45. bxa5 Rxa5 46. Rg4 Kf5 47. Rb4 Ke5 48. h4 Kd5 49. g4 Kc5 50. Rb1 b4 51. h5 gxh5 52. gxh5 Kc4 53. Rh1 b3 54. h6 b2 55. h7 Ra8 56. f4 Rh8 57. Kf3 Rxh7 58. Rb1 Kc3 59. Kg4 Kc2 60. Rf1 Rd7 61. f5 Rd1 62. Rf2+ Rd2 63. Rf1 Rd1 64. Rf2+ Kc3 65. Rxb2 Kxb2 66. f6 Rf1 67. Kg5 Kc3 68. Kg6 Kd4 69. f7 Ke5 70. Kg7 Rg1+ 71. Kh8 Rf1 72. Kg7 Rxf7+ 73. Kxf7 1/2-1/2